Populism and Social Media: An Introduction into Meta-Theory
Diskusia o teóriách a teoretických perspektívach sociálnych médií. Populizmus z komunikačného a sociologického hľadiska. Prehľad teórií a teoretických a empirických pohľadov na úlohu sociálnych médií v komunikácii populistických politických strán a lídrov.
Salvato in:
| Autore principale: | |
|---|---|
| Natura: | Capitolo di libro |
| Lingua: | inglese |
| Soggetti: | |
| Tags: |
Nessun Tag, puoi essere il primo ad aggiungerne!!
|
MARC
| LEADER | 00000naa a2200000 4500 | ||
|---|---|---|---|
| 001 | 0282878 | ||
| 005 | 20220328080217.4 | ||
| 041 | 0 | |a eng | |
| 044 | |a SK | ||
| 245 | 1 | 0 | |a Populism and Social Media: An Introduction into Meta-Theory |c Andrej Školkay |
| 520 | |a Diskusia o teóriách a teoretických perspektívach sociálnych médií. Populizmus z komunikačného a sociologického hľadiska. Prehľad teórií a teoretických a empirických pohľadov na úlohu sociálnych médií v komunikácii populistických politických strán a lídrov. | ||
| 610 | 2 | 0 | |a populizmus |
| 610 | 2 | 0 | |a médiá sociálne |
| 610 | 2 | 0 | |a komunikácia |
| 610 | 2 | 0 | |a politika |
| 610 | 2 | 0 | |a strany politické |
| 100 | 1 | |a Školkay, Andrej | |